| 000 | 00886nas a2200277 4500 | ||
|---|---|---|---|
| 001 | BR9902073 | ||
| 003 | BR-BrBNA | ||
| 005 | 20231205101401.0 | ||
| 007 | ta | ||
| 008 | 230509b bl.|||p| |||| 00| 00por d | ||
| 040 |
_aBR-BrBNA _bpor _cBiblioteca Nacional de Agricultura |
||
| 041 | _a(Pt) | ||
| 072 | _aL74; L70 | ||
| 100 | 1 | _aBarcellos, H.H.A. | |
| 100 | 1 | _aBrun, M.V. | |
| 100 | 1 | _aDo Canto, S.P. | |
| 100 | 1 | _aSilva Filho, A.P.F. | |
| 245 | 1 | _aCorrecao cirurgica do arco aortico direto persistente em um canino de 2 meses de idade | |
| 650 | _aCao | ||
| 650 | _aDisturbio Fisiologico | ||
| 650 | _aEsofago | ||
| 650 | _aTaracotomia | ||
| 773 | 0 |
_tArquivos da Faculdade de Veterinaria da Universidade Federal do Rio Grande do Sul (Brazil) _xISSN 0101-5230 _g(1998), v. 26(1) p. 106-112 _wBR9902073 |
|
| 909 |
_a202311 _bLúcia _c55 _dLúcia Elande |
||
| 942 |
_2AGRIS _n0 _cANA |
||
| 999 |
_c161496 _d161496 |
||